Central Library OPAC University of Rajshahi

Tafsīr-i Fatḥ al-ʻAzīz :تفسير فتح العزيز : (Record no. 81081)

MARC details
000 -LEADER
fixed length control field 00901nam a22002293i 4500
001 - CONTROL NUMBER
control field 81081
003 - CONTROL NUMBER IDENTIFIER
rucl marc code BD-RjUL
005 - DATE AND TIME OF LATEST TRANSACTION
control field 20230115125823.0
008 - FIXED-LENGTH DATA ELEMENTS--GENERAL INFORMATION
fixed length control field 230115s1851 ii ||| | urd d
035 ## - SYSTEM CONTROL NUMBER
System control number (BD-RjUL)81081
040 ## - CATALOGING SOURCE
Original cataloging agency UkOxU
Language of cataloging eng
Description conventions rda
Transcribing agency UkOxU
041 ## - LANGUAGE CODE
Language code of text/sound track or separate title eng
082 ## - DEWEY DECIMAL CLASSIFICATION NUMBER
Edition number 23
Classification number 297.1225
Author mark and year DIT 1851
245 00 - TITLE STATEMENT
Title Tafsīr-i Fatḥ al-ʻAzīz :تفسير فتح العزيز :
Remainder of title sipārah-yi ʻamma kā tarjumah /سپارہ عم کا ترجمہ /
Statement of responsibility, etc. [Shāh ʻAbd al-ʻAzīz Dihlavī] ; [tarjumah Ḥasan Ḵẖān].[شاہ عبد العزيز دہلوی] ؛ [ترجمہ حسن خان].
264 #1 - PRODUCTION, PUBLICATION, DISTRIBUTION, MANUFACTURE, AND COPYRIGHT NOTICE
Place of production, publication, distribution, manufacture [Lakhnaʼū] :لکھنؤ :
Name of producer, publisher, distributor, manufacturer Mat̤baʻ-i Muṣt̤afāʼī,مطبع مصطفائی،
Date of production, publication, distribution, manufacture, or copyright notice 1267 [1851]
300 ## - PHYSICAL DESCRIPTION
Pagination 240 pages ;
Size 32 cm
336 ## - CONTENT TYPE
Content type term text
Source rdacontent
337 ## - MEDIA TYPE
Media type term unmediated
Source rdamedia
338 ## - CARRIER TYPE
Carrier type term volume
Source rdacarrier
650 ## - SUBJECT ADDED ENTRY--TOPICAL TERM
Topical term or geographic name as entry element Quran
Form subdivision Tafsir
9 (RLIN) 6380
942 ## - ADDED ENTRY ELEMENTS (KOHA)
Source of classification or shelving scheme Dewey Decimal Classification
Koha item type Books
Holdings
Lost status Source of classification or shelving scheme Damaged status Not for loan Collection code Permanent Location Current Location Shelving location Date acquired Source of acquisition Total Checkouts Full call number Date last seen Copy number Koha item type
  Dewey Decimal Classification   Not For Loan Non-fiction Central Library, University of Rajshahi Central Library, University of Rajshahi Reading Room 11/03/1992 Mawlana Arman Ali   U 297.1225 DIT 1851 15/01/2023 C-1 Books